Geoguessr Flags - Statistics

General Stats
  • This quiz has been taken 17 times
  • The average score is 66 of 108
Answer Stats
Picture Answer % Correct
Canada
100%
Australia
92%
France
92%
Germany
92%
India
92%
Italy
92%
Japan
92%
Switzerland
92%
Brazil
85%
Greece
85%
Israel
85%
Norway
85%
Portugal
85%
South Africa
85%
South Korea
85%
Sweden
85%
Turkey
85%
Ukraine
85%
United Kingdom
85%
United States
85%
Albania
77%
Argentina
77%
Austria
77%
Chile
77%
Finland
77%
Indonesia
77%
Jamaica
77%
Kenya
77%
Mexico
77%
New Zealand
77%
Poland
77%
Spain
77%
Vietnam
77%
Belgium
69%
Colombia
69%
Croatia
69%
Denmark
69%
Ireland
69%
Netherlands
69%
Qatar
69%
Romania
69%
Russia
69%
Slovakia
69%
Slovenia
69%
Vatican City
69%
Andorra
62%
Bangladesh
62%
Bhutan
62%
Cambodia
62%
Ecuador
62%
Estonia
62%
Hungary
62%
Iceland
62%
Latvia
62%
Luxembourg
62%
Malaysia
62%
Malta
62%
Monaco
62%
Montenegro
62%
Nigeria
62%
North Macedonia
62%
Pakistan
62%
Peru
62%
Philippines
62%
Sri Lanka
62%
Thailand
62%
United Arab Emirates
62%
Uruguay
62%
Bulgaria
54%
Czech Republic
54%
Ghana
54%
Guam
54%
Hong Kong
54%
Isle of Man
54%
Kazakhstan
54%
Panama
54%
San Marino
54%
Serbia
54%
Tunisia
54%
Uganda
54%
Botswana
46%
Dominican Republic
46%
Eswatini
46%
Greenland
46%
Jordan
46%
Kyrgyzstan
46%
Lesotho
46%
Liechtenstein
46%
Lithuania
46%
Madagascar
46%
Mongolia
46%
Oman
46%
Senegal
46%
Singapore
46%
Taiwan
46%
Guatemala
38%
Namibia
38%
Palestine
38%
Puerto Rico
38%
Bolivia
31%
American Samoa
23%
Rwanda
23%
U.S. Virgin Islands
23%
Christmas Island
15%
Bermuda
8%
Curacao
8%
Northern Mariana Islands
8%
Reunion
8%
No matching quizzes found
Score Distribution
Percent of People with Each Score
Percentile by Number Answered
Your Score History
You have not taken this quiz